States of Indian Cricketers - Statistics

General Stats
  • This quiz has been taken 35 times
  • The average score is 11 of 15
Answer Stats
Hint Answer % Correct
Virat Kohli Delhi
97%
Ravichandran Ashwin Tamil Nadu
97%
Sanju Samson Kerala
94%
Sachin Tendulkar Maharashtra
88%
Sunil Gavaskar Maharashtra
84%
Shubman Gill Punjab
84%
MS Dhoni Jharkhand
81%
Sourav Ganguly West Bengal
81%
Jasprit Bumrah Gujarat
75%
Riyan Parag Assam
69%
Washington Sundar Tamil Nadu
69%
Anil Kumble Karnataka
59%
VVS Laxman Telangana
56%
Mohammed Shami Uttar Pradesh
50%
Vinoo Mankad Gujarat
22%
No matching quizzes found
Score Distribution
Percent of People with Each Score
Percentile by Number Answered
Your Score History
You have not taken this quiz